000 00912nam a2200241 a 4500
003 0
005 20250203091343.0
008 130830s19uu xx 00 eng d
050 _aPGS QR 201.B3
_b.P153 2013
100 _aPalacio, Vian Paolo P.
245 _aAnti-bacterial properties of Nepenthes alata /
_cVian Paolo P. Palacio.
260 _aLas PiƱas City, Philippines :
_bSouthville International School and Colleges,
_c2013.
300 _a53 p. :
_bill. ;
_c28 cm.
504 _aIncludes bibliographical references.
650 _a Nepenthes alata
_vAntibacterial properties.
650 _aAntibacterial agents
_vNatural sources.
650 _aBacterial antagonists.
650 _a Pitcher plants
_vMedicinal use.
650 _a Plant extracts
_vAntimicrobial properties.
650 _aPhytochemicals
_vAntibacterial effects.
650 _aBacteria
_vEffect of plant extracts on.
942 _2lcc
_cPASS
999 _c99069
_d99069